[Event "Championnat de Belgique \"Experts\" 2018"]
[Site "Roux, Belgium"]
[Date "2018.07.28"]
[Round "1.1"]
[White "Fontaine, Quentin"]
[Black "Hovhannisyan, Mher"]
[Result "0-1"]
[WhiteTitle "FM"]
[BlackTitle "IM"]
[WhiteElo "2313"]
[BlackElo "2456"]

1. Nf3 {[%clk 01:30:46]} {[%emt 00:00:12]} d5 {[%clk 01:30:09]} {[%emt
00:00:52]} 2. c4 {[%clk 01:31:03]} {[%emt 00:00:13]} e6 {[%clk 01:29:29]}
{[%emt 00:01:09]} 3. g3 {[%clk 01:31:22]} {[%emt 00:00:11]} Nf6 {[%clk
01:29:23]} {[%emt 00:00:36]} 4. Bg2 {[%clk 01:31:44]} {[%emt 00:00:07]} d4
{[%clk 01:23:55]} {[%emt 00:05:59]} 5. O-O {[%clk 01:31:40]} {[%emt 00:00:34]}
c5 {[%clk 01:21:52]} {[%emt 00:02:32]} 6. e3 {[%clk 01:30:08]} {[%emt
00:02:03]} Nc6 {[%clk 01:20:50]} {[%emt 00:01:32]} 7. exd4 {[%clk 01:30:27]}
{[%emt 00:00:11]} cxd4 {[%clk 01:20:45]} {[%emt 00:00:34]} 8. d3 {[%clk
01:30:41]} {[%emt 00:00:17]} Bd6 {[%clk 01:16:47]} {[%emt 00:04:27]} 9. Bg5
{[%clk 01:29:48]} {[%emt 00:01:23]} O-O {[%clk 01:14:20]} {[%emt 00:02:57]} 10.
Nbd2 {[%clk 01:29:30]} {[%emt 00:00:48]} Be7 {[%clk 01:03:44]} {[%emt
00:11:06]} 11. a3 {[%clk 01:25:48]} {[%emt 00:04:12]} a5 {[%clk 01:02:54]}
{[%emt 00:01:20]} 12. Bxf6 {[%clk 01:10:43]} {[%emt 00:15:36]} Bxf6 {[%clk
01:01:15]} {[%emt 00:02:09]} 13. Re1 {[%clk 01:08:03]} {[%emt 00:03:10]} a4
{[%clk 00:53:01]} {[%emt 00:08:44]} 14. Rc1 {[%clk 01:05:13]} {[%emt 00:03:19]}
Qa5 {[%clk 00:40:47]} {[%emt 00:12:45]} 15. c5 {[%clk 00:55:00]} {[%emt
00:10:43]} Qb5 {[%clk 00:37:39]} {[%emt 00:03:37]} 16. Qc2 {[%clk 00:31:48]}
{[%emt 00:23:42]} Rd8 {[%clk 00:36:19]} {[%emt 00:01:49]} 17. Ne4 {[%clk
00:25:24]} {[%emt 00:06:54]} Be7 {[%clk 00:34:51]} {[%emt 00:01:58]} 18. Nfd2
{[%clk 00:22:03]} {[%emt 00:03:52]} Na5 {[%clk 00:27:58]} {[%emt 00:07:24]} 19.
Nc4 {[%clk 00:17:42]} {[%emt 00:04:51]} Nb3 {[%clk 00:23:24]} {[%emt 00:05:03]}
20. Ncd6 {[%clk 00:16:42]} {[%emt 00:01:29]} Qa5 {[%clk 00:10:28]} {[%emt
00:13:27]} 21. Rcd1 {[%clk 00:15:22]} {[%emt 00:01:50]} f5 {[%clk 00:09:30]}
{[%emt 00:01:28]} 22. Nd2 {[%clk 00:14:11]} {[%emt 00:01:40]} Qxc5 {[%clk
00:07:38]} {[%emt 00:02:22]} 23. N6c4 {[%clk 00:12:09]} {[%emt 00:02:32]} Nxd2
{[%clk 00:05:14]} {[%emt 00:02:54]} 24. Qxd2 {[%clk 00:11:47]} {[%emt
00:00:52]} Bf6 {[%clk 00:03:28]} {[%emt 00:02:16]} 25. Rc1 {[%clk 00:11:37]}
{[%emt 00:00:40]} Qb5 {[%clk 00:03:04]} {[%emt 00:00:54]} 26. f4 {[%clk
00:11:29]} {[%emt 00:00:38]} h6 {[%clk 00:02:30]} {[%emt 00:01:04]} 27. Qd1
{[%clk 00:10:01]} {[%emt 00:01:58]} Ra6 {[%clk 00:01:45]} {[%emt 00:01:16]} 28.
Rc2 {[%clk 00:09:52]} {[%emt 00:00:39]} Bd7 {[%clk 00:01:44]} {[%emt 00:00:31]}
29. Ne5 {[%clk 00:07:51]} {[%emt 00:02:30]} Be8 {[%clk 00:01:24]} {[%emt
00:00:49]} 30. Qf3 {[%clk 00:06:16]} {[%emt 00:02:05]} Rb6 {[%clk 00:01:16]}
{[%emt 00:00:39]} 31. Qd1 {[%clk 00:06:12]} {[%emt 00:00:34]} Bxe5 {[%clk
00:01:01]} {[%emt 00:00:45]} 32. Rxe5 {[%clk 00:06:32]} {[%emt 00:00:09]} Qb3
{[%clk 00:01:03]} {[%emt 00:00:28]} 33. Qe2 {[%clk 00:06:35]} {[%emt 00:00:27]}
Bb5 {[%clk 00:00:49]} {[%emt 00:00:45]} 34. Rc7 {[%clk 00:04:29]} {[%emt
00:02:36]} Qxd3 {[%clk 00:00:58]} {[%emt 00:00:22]} 35. Qe1 {[%clk 00:03:23]}
{[%emt 00:01:36]} Qb3 {[%clk 00:00:59]} {[%emt 00:00:29]} 36. g4 {[%clk
00:03:26]} {[%emt 00:00:27]} d3 {[%clk 00:01:02]} {[%emt 00:00:28]} 37. Qh4
{[%clk 00:03:17]} {[%emt 00:00:39]} Qd1+ {[%clk 00:00:49]} {[%emt 00:00:43]} 38.
Re1 {[%clk 00:03:41]} {[%emt 00:00:05]} Qxe1+ {[%clk 00:01:05]} {[%emt
00:00:14]} 39. Qxe1 {[%clk 00:04:06]} {[%emt 00:00:05]} d2 {[%clk 00:01:27]}
{[%emt 00:00:08]} 40. Qd1 {[%clk 00:04:20]} {[%emt 00:00:17]} Be2 {[%clk
00:01:33]} {[%emt 00:00:24]} 41. Rc8 {[%clk 00:03:53]} {[%emt 00:00:58]} Rbd6
{[%clk 00:01:10]} {[%emt 00:00:53]} 0-1

[Event "Championnat de Belgique \"Experts\" 2018"]
[Site "Roux, Belgium"]
[Date "2018.07.28"]
[Round "1.3"]
[White "Ringoir, Tanguy"]
[Black "Sadkowski, Daniel"]
[Result "1-0"]
[WhiteTitle "GM"]
[BlackTitle "FM"]
[WhiteElo "2530"]
[BlackElo "2235"]

1. d4 {[%clk 01:30:55]} {[%emt 00:00:03]} d5 {[%clk 01:30:50]} {[%emt
00:00:10]} 2. c4 {[%clk 01:31:17]} {[%emt 00:00:08]} e6 {[%clk 01:31:12]}
{[%emt 00:00:08]} 3. Nf3 {[%clk 01:31:30]} {[%emt 00:00:17]} Nf6 {[%clk
01:31:22]} {[%emt 00:00:20]} 4. g3 {[%clk 01:31:52]} {[%emt 00:00:08]} dxc4
{[%clk 01:31:22]} {[%emt 00:00:31]} 5. Bg2 {[%clk 01:32:08]} {[%emt 00:00:13]}
a6 {[%clk 01:31:20]} {[%emt 00:00:32]} 6. O-O {[%clk 01:31:18]} {[%emt
00:01:20]} Nc6 {[%clk 01:31:13]} {[%emt 00:00:37]} 7. e3 {[%clk 01:30:50]}
{[%emt 00:00:58]} Bd7 {[%clk 01:30:33]} {[%emt 00:01:10]} 8. Qe2 {[%clk
01:30:46]} {[%emt 00:00:34]} Bd6 {[%clk 01:30:05]} {[%emt 00:00:58]} 9. Qxc4
{[%clk 01:30:59]} {[%emt 00:00:17]} O-O {[%clk 01:30:04]} {[%emt 00:00:31]} 10.
Nbd2 {[%clk 01:25:17]} {[%emt 00:06:12]} e5 {[%clk 01:23:24]} {[%emt 00:07:11]}
11. dxe5 {[%clk 01:21:30]} {[%emt 00:04:18]} Nxe5 {[%clk 01:23:32]} {[%emt
00:00:22]} 12. Nxe5 {[%clk 01:21:51]} {[%emt 00:00:08]} Bxe5 {[%clk 01:23:57]}
{[%emt 00:00:05]} 13. Qc5 {[%clk 01:21:06]} {[%emt 00:01:15]} Bd6 {[%clk
01:23:41]} {[%emt 00:00:46]} 14. Qc2 {[%clk 01:21:29]} {[%emt 00:00:06]} Rb8
{[%clk 00:47:09]} {[%emt 00:37:02]} 15. Nc4 {[%clk 01:17:31]} {[%emt 00:04:28]}
Bb5 {[%clk 00:47:18]} {[%emt 00:00:22]} 16. e4 {[%clk 01:07:47]} {[%emt
00:10:13]} Ng4 {[%clk 00:18:46]} {[%emt 00:29:01]} 17. Rd1 {[%clk 01:00:28]}
{[%emt 00:07:49]} Qf6 {[%clk 00:11:27]} {[%emt 00:07:50]} 18. Nxd6 {[%clk
00:57:14]} {[%emt 00:03:44]} cxd6 {[%clk 00:11:51]} {[%emt 00:00:06]} 19. a4
{[%clk 00:53:34]} {[%emt 00:04:10]} Bc6 {[%clk 00:09:22]} {[%emt 00:02:59]} 20.
f3 {[%clk 00:48:39]} {[%emt 00:05:25]} Ne5 {[%clk 00:09:17]} {[%emt 00:00:34]}
21. f4 {[%clk 00:49:02]} {[%emt 00:00:06]} Ng6 {[%clk 00:09:17]} {[%emt
00:00:31]} 22. Be3 {[%clk 00:49:10]} {[%emt 00:00:22]} Rfe8 {[%clk 00:08:08]}
{[%emt 00:01:39]} 23. Rd4 {[%clk 00:49:30]} {[%emt 00:00:10]} Rbc8 {[%clk
00:04:35]} {[%emt 00:04:04]} 24. Qd2 {[%clk 00:49:28]} {[%emt 00:00:32]} Qe7
{[%clk 00:04:44]} {[%emt 00:00:20]} 25. Re1 {[%clk 00:49:11]} {[%emt 00:00:47]}
Rcd8 {[%clk 00:02:31]} {[%emt 00:02:44]} 26. b3 {[%clk 00:45:03]} {[%emt
00:04:37]} Nf8 {[%clk 00:01:04]} {[%emt 00:01:57]} 27. f5 {[%clk 00:44:46]}
{[%emt 00:00:47]} Nd7 {[%clk 00:00:55]} {[%emt 00:00:40]} 28. Rxd6 {[%clk
00:43:37]} {[%emt 00:01:39]} Ne5 {[%clk 00:01:03]} {[%emt 00:00:22]} 29. Rd1
{[%clk 00:41:17]} {[%emt 00:02:51]} Rxd6 {[%clk 00:00:47]} {[%emt 00:00:47]} 30.
Qxd6 {[%clk 00:41:43]} {[%emt 00:00:02]} Qxd6 {[%clk 00:01:03]} {[%emt
00:00:14]} 31. Rxd6 {[%clk 00:42:11]} {[%emt 00:00:02]} f6 {[%clk 00:00:51]}
{[%emt 00:00:43]} 32. h3 {[%clk 00:41:06]} {[%emt 00:01:35]} h6 {[%clk
00:01:10]} {[%emt 00:00:12]} 33. Kf2 {[%clk 00:34:52]} {[%emt 00:06:43]} Re7
{[%clk 00:00:40]} {[%emt 00:01:01]} 34. Bc5 {[%clk 00:32:25]} {[%emt 00:02:56]}
Rd7 {[%clk 00:00:38]} {[%emt 00:00:32]} 35. Rxd7 {[%clk 00:30:56]} {[%emt
00:01:59]} Nxd7 {[%clk 00:00:44]} {[%emt 00:00:24]} 36. Bd6 {[%clk 00:31:10]}
{[%emt 00:00:16]} Kf7 {[%clk 00:00:44]} {[%emt 00:00:31]} 37. Ke3 {[%clk
00:31:32]} {[%emt 00:00:07]} Ne5 {[%clk 00:00:56]} {[%emt 00:00:19]} 38. Kd4
{[%clk 00:31:44]} {[%emt 00:00:18]} Nd7 {[%clk 00:01:21]} {[%emt 00:00:05]} 39.
Bf1 {[%clk 00:32:10]} {[%emt 00:00:04]} b5 {[%clk 00:01:17]} {[%emt 00:00:34]}
40. a5 {[%clk 00:32:25]} {[%emt 00:00:15]} Ke8 {[%clk 00:01:19]} {[%emt
00:00:29]} 41. b4 {[%clk 00:32:36]} {[%emt 00:00:19]} 1-0

[Event "Championnat de Belgique \"Experts\" 2018"]
[Site "Roux, Belgium"]
[Date "2018.07.28"]
[Round "1.4"]
[White "Bomans, Arno"]
[Black "Malakhatko, Vadim"]
[Result "0-1"]
[WhiteTitle "FM"]
[BlackTitle "GM"]
[WhiteElo "2248"]
[BlackElo "2499"]

1. e4 {[%clk 01:30:56]} {[%emt 00:00:03]} c5 {[%clk 01:30:50]} {[%emt
00:00:10]} 2. Nf3 {[%clk 01:31:19]} {[%emt 00:00:08]} e6 {[%clk 01:31:15]}
{[%emt 00:00:05]} 3. d4 {[%clk 01:31:29]} {[%emt 00:00:21]} cxd4 {[%clk
01:31:37]} {[%emt 00:00:07]} 4. Nxd4 {[%clk 01:31:53]} {[%emt 00:00:06]} Nc6
{[%clk 01:32:01]} {[%emt 00:00:06]} 5. Nc3 {[%clk 01:32:06]} {[%emt 00:00:18]}
Qc7 {[%clk 01:32:24]} {[%emt 00:00:06]} 6. Be3 {[%clk 01:31:53]} {[%emt
00:00:43]} a6 {[%clk 01:32:48]} {[%emt 00:00:06]} 7. Qf3 {[%clk 01:31:06]}
{[%emt 00:01:17]} Ne5 {[%clk 01:32:32]} {[%emt 00:00:46]} 8. Qg3 {[%clk
01:31:25]} {[%emt 00:00:11]} b5 {[%clk 01:32:17]} {[%emt 00:00:46]} 9. a3
{[%clk 00:58:49]} {[%emt 00:33:07]} h5 {[%clk 01:27:31]} {[%emt 00:05:15]} 10.
Nf5 {[%clk 00:46:46]} {[%emt 00:12:33]} g6 {[%clk 00:54:34]} {[%emt 00:33:27]}
11. Bd4 {[%clk 00:45:25]} {[%emt 00:01:51]} d6 {[%clk 00:54:34]} {[%emt
00:00:30]} 12. f4 {[%clk 00:43:26]} {[%emt 00:02:29]} gxf5 {[%clk 00:53:49]}
{[%emt 00:01:14]} 13. fxe5 {[%clk 00:43:24]} {[%emt 00:00:32]} h4 {[%clk
00:54:06]} {[%emt 00:00:13]} 14. Qf2 {[%clk 00:37:04]} {[%emt 00:06:50]} dxe5
{[%clk 00:51:00]} {[%emt 00:03:37]} 15. Bb6 {[%clk 00:36:37]} {[%emt 00:00:58]}
Qc6 {[%clk 00:49:02]} {[%emt 00:02:27]} 16. O-O-O {[%clk 00:33:00]} {[%emt
00:04:08]} Nf6 {[%clk 00:44:57]} {[%emt 00:04:35]} 17. exf5 {[%clk 00:24:57]}
{[%emt 00:08:33]} exf5 {[%clk 00:43:28]} {[%emt 00:01:59]} 18. Be2 {[%clk
00:21:09]} {[%emt 00:04:18]} Be6 {[%clk 00:39:00]} {[%emt 00:04:58]} 19. Rhe1
{[%clk 00:19:39]} {[%emt 00:02:00]} Bxa3 {[%clk 00:21:44]} {[%emt 00:17:46]} 20.
Rd3 {[%clk 00:11:27]} {[%emt 00:08:42]} Be7 {[%clk 00:21:23]} {[%emt 00:00:50]}
21. g4 {[%clk 00:09:04]} {[%emt 00:02:53]} hxg3 {[%clk 00:20:20]} {[%emt
00:01:33]} 22. Rxg3 {[%clk 00:07:09]} {[%emt 00:02:25]} b4 {[%clk 00:18:26]}
{[%emt 00:02:24]} 23. Bf3 {[%clk 00:04:01]} {[%emt 00:03:38]} e4 {[%clk
00:18:50]} {[%emt 00:00:06]} 0-1

[Event "Championnat de Belgique \"Experts\" 2018"]
[Site "Roux, Belgium"]
[Date "2018.07.28"]
[Round "1.5"]
[White "Docx, Stefan"]
[Black "Dardha, Daniel"]
[Result "1/2-1/2"]
[WhiteTitle "IM"]
[BlackTitle "FM"]
[WhiteElo "2444"]
[BlackElo "2330"]

1. e4 {[%clk 01:30:55]} {[%emt 00:00:04]} c5 {[%clk 01:30:55]} {[%emt
00:00:05]} 2. Nf3 {[%clk 01:31:20]} {[%emt 00:00:05]} g6 {[%clk 01:31:21]}
{[%emt 00:00:05]} 3. d4 {[%clk 01:30:49]} {[%emt 00:01:01]} cxd4 {[%clk
01:31:43]} {[%emt 00:00:08]} 4. Qxd4 {[%clk 01:31:13]} {[%emt 00:00:05]} Nf6
{[%clk 01:32:08]} {[%emt 00:00:06]} 5. Nc3 {[%clk 01:30:32]} {[%emt 00:01:11]}
Nc6 {[%clk 01:32:33]} {[%emt 00:00:05]} 6. Qa4 {[%clk 01:30:57]} {[%emt
00:00:05]} d6 {[%clk 01:32:45]} {[%emt 00:00:18]} 7. e5 {[%clk 01:31:17]}
{[%emt 00:00:09]} dxe5 {[%clk 01:33:12]} {[%emt 00:00:04]} 8. Nxe5 {[%clk
01:31:40]} {[%emt 00:00:07]} Bd7 {[%clk 01:31:10]} {[%emt 00:02:32]} 9. Nxd7
{[%clk 01:31:34]} {[%emt 00:00:36]} Nxd7 {[%clk 01:31:32]} {[%emt 00:00:08]} 10.
Bb5 {[%clk 01:31:42]} {[%emt 00:00:21]} Bg7 {[%clk 01:31:56]} {[%emt 00:00:06]}
11. O-O {[%clk 01:32:05]} {[%emt 00:00:07]} O-O {[%clk 01:32:00]} {[%emt
00:00:26]} 12. Rd1 {[%clk 01:32:20]} {[%emt 00:00:15]} Rc8 {[%clk 01:26:54]}
{[%emt 00:05:37]} 13. Bg5 {[%clk 01:24:55]} {[%emt 00:07:53]} h6 {[%clk
01:10:58]} {[%emt 00:16:26]} 14. Bh4 {[%clk 01:24:41]} {[%emt 00:00:44]} a6
{[%clk 01:10:04]} {[%emt 00:01:25]} 15. Bf1 {[%clk 01:21:57]} {[%emt 00:03:13]}
Qe8 {[%clk 01:00:00]} {[%emt 00:10:35]} 16. Qa3 {[%clk 01:14:55]} {[%emt
00:07:32]} g5 {[%clk 00:48:17]} {[%emt 00:12:13]} 17. Bg3 {[%clk 01:14:56]}
{[%emt 00:00:28]} Nd4 {[%clk 00:48:24]} {[%emt 00:00:23]} 18. Rd2 {[%clk
01:11:47]} {[%emt 00:03:39]} Nf5 {[%clk 00:44:44]} {[%emt 00:04:10]} 19. Ne4
{[%clk 01:08:24]} {[%emt 00:03:52]} Nf6 {[%clk 00:41:49]} {[%emt 00:03:26]} 20.
Bd3 {[%clk 01:05:14]} {[%emt 00:03:39]} Nxe4 {[%clk 00:38:55]} {[%emt
00:03:24]} 21. Bxe4 {[%clk 01:05:33]} {[%emt 00:00:11]} Nxg3 {[%clk 00:39:18]}
{[%emt 00:00:06]} 22. hxg3 {[%clk 01:05:54]} {[%emt 00:00:09]} Qb5 {[%clk
00:39:24]} {[%emt 00:00:25]} 23. c3 {[%clk 01:05:43]} {[%emt 00:00:40]} Rcd8
{[%clk 00:30:01]} {[%emt 00:09:53]} 24. Rad1 {[%clk 01:04:44]} {[%emt
00:01:29]} Rxd2 {[%clk 00:29:23]} {[%emt 00:01:09]} 25. Rxd2 {[%clk 01:05:12]}
{[%emt 00:00:02]} Qe5 {[%clk 00:29:41]} {[%emt 00:00:11]} 26. Re2 {[%clk
01:02:21]} {[%emt 00:03:20]} Qc7 {[%clk 00:29:49]} {[%emt 00:00:22]} 27. Bf3
{[%clk 01:00:14]} {[%emt 00:02:37]} e6 {[%clk 00:30:14]} {[%emt 00:00:06]} 28.
Rd2 {[%clk 01:00:31]} {[%emt 00:00:12]} Rd8 {[%clk 00:30:30]} {[%emt 00:00:15]}
29. Rxd8+ {[%clk 01:00:11]} {[%emt 00:00:50]} Qxd8 {[%clk 00:30:59]} {[%emt
00:00:01]} 30. Qa4 {[%clk 00:59:15]} {[%emt 00:01:26]} Qd2 {[%clk 00:27:00]}
{[%emt 00:04:29]} 31. Qe4 {[%clk 00:50:50]} {[%emt 00:08:55]} Qc1+ {[%clk
00:26:19]} {[%emt 00:01:10]} 32. Kh2 {[%clk 00:51:03]} {[%emt 00:00:17]} Qxb2
{[%clk 00:26:41]} {[%emt 00:00:09]} 33. Qxb7 {[%clk 00:48:47]} {[%emt
00:02:46]} Bxc3 {[%clk 00:23:00]} {[%emt 00:04:11]} 34. Qxb2 {[%clk 00:48:51]}
{[%emt 00:00:25]} Bxb2 {[%clk 00:23:19]} {[%emt 00:00:12]} 35. g4 {[%clk
00:48:57]} {[%emt 00:00:24]} Kg7 {[%clk 00:23:25]} {[%emt 00:00:24]} 36. Be2
{[%clk 00:49:14]} {[%emt 00:00:12]} Kf6 {[%clk 00:23:48]} {[%emt 00:00:06]}
1/2-1/2

[Event "Championnat de Belgique \"Experts\" 2018"]
[Site "Roux, Belgium"]
[Date "2018.07.28"]
[Round "1.2"]
[White "Dgebuadze, Alexandre"]
[Black "Hautot, Stéphane"]
[Result "1-0"]
[WhiteTitle "GM"]
[BlackTitle "IM"]
[WhiteElo "2519"]
[BlackElo "2338"]

1. e4 {[%clk 01:30:34]} {[%emt 00:00:24]} c5 {[%clk 01:29:00]} {[%emt
00:02:01]} 2. Nf3 {[%clk 01:30:53]} {[%emt 00:00:10]} d6 {[%clk 01:29:14]}
{[%emt 00:00:16]} 3. d4 {[%clk 01:31:12]} {[%emt 00:00:11]} cxd4 {[%clk
01:29:34]} {[%emt 00:00:10]} 4. Qxd4 {[%clk 01:31:31]} {[%emt 00:00:11]} Bd7
{[%clk 01:28:12]} {[%emt 00:01:53]} 5. Bc4 {[%clk 01:25:02]} {[%emt 00:06:58]}
Nf6 {[%clk 01:23:06]} {[%emt 00:05:36]} 6. Qd3 {[%clk 01:16:46]} {[%emt
00:08:46]} e6 {[%clk 01:04:30]} {[%emt 00:19:06]} 7. O-O {[%clk 01:12:15]}
{[%emt 00:05:00]} Bc6 {[%clk 00:54:41]} {[%emt 00:10:20]} 8. Nc3 {[%clk
00:57:55]} {[%emt 00:14:50]} Nbd7 {[%clk 00:52:06]} {[%emt 00:03:05]} 9. Be3
{[%clk 00:46:59]} {[%emt 00:11:25]} Be7 {[%clk 00:43:38]} {[%emt 00:08:58]} 10.
b4 {[%clk 00:40:45]} {[%emt 00:06:45]} Nxe4 {[%clk 00:23:08]} {[%emt 00:21:00]}
11. Nxe4 {[%clk 00:40:55]} {[%emt 00:00:19]} d5 {[%clk 00:20:52]} {[%emt
00:02:46]} 12. Bxd5 {[%clk 00:39:09]} {[%emt 00:02:15]} Bxd5 {[%clk 00:17:26]}
{[%emt 00:03:56]} 13. c4 {[%clk 00:38:51]} {[%emt 00:00:49]} Bxe4 {[%clk
00:17:20]} {[%emt 00:00:36]} 14. Qxe4 {[%clk 00:39:13]} {[%emt 00:00:07]} Qc8
{[%clk 00:17:12]} {[%emt 00:00:39]} 15. Rac1 {[%clk 00:22:28]} {[%emt
00:17:14]} O-O {[%clk 00:15:51]} {[%emt 00:01:51]} 16. Qb1 {[%clk 00:17:23]}
{[%emt 00:05:35]} h6 {[%clk 00:09:46]} {[%emt 00:06:36]} 17. Rfd1 {[%clk
00:15:26]} {[%emt 00:02:26]} a6 {[%clk 00:08:40]} {[%emt 00:01:37]} 18. Rd4
{[%clk 00:14:01]} {[%emt 00:01:54]} Nf6 {[%clk 00:07:35]} {[%emt 00:01:35]} 19.
h3 {[%clk 00:12:52]} {[%emt 00:01:39]} Rd8 {[%clk 00:07:28]} {[%emt 00:00:38]}
20. a4 {[%clk 00:11:58]} {[%emt 00:01:24]} a5 {[%clk 00:05:10]} {[%emt
00:02:48]} 21. Rxd8+ {[%clk 00:11:15]} {[%emt 00:01:13]} Qxd8 {[%clk 00:05:20]}
{[%emt 00:00:20]} 22. bxa5 {[%clk 00:10:15]} {[%emt 00:01:30]} Qc8 {[%clk
00:04:59]} {[%emt 00:00:51]} 23. Qb5 {[%clk 00:09:18]} {[%emt 00:01:26]} Ne4
{[%clk 00:04:27]} {[%emt 00:01:02]} 24. c5 {[%clk 00:08:14]} {[%emt 00:01:34]}
Ra6 {[%clk 00:02:56]} {[%emt 00:02:01]} 25. Ne5 {[%clk 00:07:23]} {[%emt
00:01:21]} Bf6 {[%clk 00:01:10]} {[%emt 00:02:16]} 26. c6 {[%clk 00:05:02]}
{[%emt 00:02:50]} Nd6 {[%clk 00:01:33]} {[%emt 00:00:08]} 27. cxb7 {[%clk
00:02:48]} {[%emt 00:02:44]} Qxb7 {[%clk 00:01:56]} {[%emt 00:00:07]} 28. Qxb7
{[%clk 00:02:38]} {[%emt 00:00:40]} Nxb7 {[%clk 00:02:21]} {[%emt 00:00:05]} 29.
Rc8+ {[%clk 00:02:05]} {[%emt 00:01:02]} Kh7 {[%clk 00:02:40]} {[%emt
00:00:11]} 30. Nd7 {[%clk 00:01:36]} {[%emt 00:00:59]} Be7 {[%clk 00:00:44]}
{[%emt 00:02:27]} 31. Nb8 {[%clk 00:01:30]} {[%emt 00:00:36]} Ra8 {[%clk
00:00:38]} {[%emt 00:00:37]} 32. Rc7 {[%clk 00:00:45]} {[%emt 00:01:14]} Nxa5
{[%clk 00:00:42]} {[%emt 00:00:27]} 33. Rxe7 {[%clk 00:01:07]} {[%emt
00:00:07]} Rxb8 {[%clk 00:01:10]} {[%emt 00:00:03]} 34. Rxf7 {[%clk 00:01:23]}
{[%emt 00:00:14]} Nc4 {[%clk 00:01:09]} {[%emt 00:00:31]} 35. Bc5 {[%clk
00:01:09]} {[%emt 00:00:44]} Rc8 {[%clk 00:01:03]} {[%emt 00:00:36]} 36. Bb4
{[%clk 00:01:14]} {[%emt 00:00:25]} Rb8 {[%clk 00:01:09]} {[%emt 00:00:24]} 37.
Bc3 {[%clk 00:01:36]} {[%emt 00:00:07]} e5 {[%clk 00:00:38]} {[%emt 00:01:01]}
38. Rc7 {[%clk 00:01:51]} {[%emt 00:00:14]} Nd6 {[%clk 00:00:33]} {[%emt
00:00:36]} 39. Bxe5 {[%clk 00:02:01]} {[%emt 00:00:21]} 1-0

[ePGN "0.1;DGT LiveChess/2.1"]

[Event "Championnat de Belgique \"Experts\" 2018"]
[Site "Roux, Belgium"]
[Date "2018.07.29"]
[Round "2.1"]
[White "Hovhannisyan, Mher"]
[Black "Dardha, Daniel"]
[Result "1-0"]
[WhiteTitle "IM"]
[BlackTitle "FM"]
[WhiteElo "2456"]
[BlackElo "2330"]

1. d4 {[%clk 01:30:13]} {[%emt 00:00:46]} d5 {[%clk 01:30:54]} {[%emt
00:00:06]} 2. c4 {[%clk 01:29:57]} {[%emt 00:00:46]} c6 {[%clk 01:31:20]}
{[%emt 00:00:05]} 3. Nf3 {[%clk 01:28:02]} {[%emt 00:02:25]} Nf6 {[%clk
01:31:42]} {[%emt 00:00:07]} 4. Nbd2 {[%clk 01:26:27]} {[%emt 00:02:05]} Bf5
{[%clk 01:31:04]} {[%emt 00:01:08]} 5. Nh4 {[%clk 01:24:12]} {[%emt 00:02:45]}
Bg6 {[%clk 01:30:01]} {[%emt 00:01:33]} 6. Qb3 {[%clk 01:23:34]} {[%emt
00:01:07]} Qb6 {[%clk 01:30:18]} {[%emt 00:00:14]} 7. Qh3 {[%clk 01:20:01]}
{[%emt 00:04:02]} Na6 {[%clk 01:12:58]} {[%emt 00:17:50]} 8. Nxg6 {[%clk
01:18:17]} {[%emt 00:02:14]} fxg6 {[%clk 01:13:23]} {[%emt 00:00:05]} 9. c5
{[%clk 01:14:28]} {[%emt 00:04:19]} Qc7 {[%clk 01:09:03]} {[%emt 00:04:50]} 10.
a3 {[%clk 01:13:41]} {[%emt 00:01:17]} e5 {[%clk 00:55:49]} {[%emt 00:13:44]}
11. e3 {[%clk 01:02:10]} {[%emt 00:12:00]} Qd7 {[%clk 00:48:05]} {[%emt
00:08:14]} 12. Qxd7+ {[%clk 00:49:21]} {[%emt 00:13:19]} Nxd7 {[%clk 00:47:51]}
{[%emt 00:00:45]} 13. b4 {[%clk 00:49:18]} {[%emt 00:00:32]} Nc7 {[%clk
00:47:26]} {[%emt 00:00:54]} 14. dxe5 {[%clk 00:49:06]} {[%emt 00:00:42]} Nxe5
{[%clk 00:47:42]} {[%emt 00:00:15]} 15. Bb2 {[%clk 00:49:24]} {[%emt 00:00:11]}
Nd7 {[%clk 00:45:49]} {[%emt 00:02:22]} 16. Nb3 {[%clk 00:43:20]} {[%emt
00:06:35]} Ne6 {[%clk 00:43:11]} {[%emt 00:03:07]} 17. Be2 {[%clk 00:42:09]}
{[%emt 00:01:41]} Be7 {[%clk 00:42:56]} {[%emt 00:00:45]} 18. Bg4 {[%clk
00:40:30]} {[%emt 00:02:09]} Kf7 {[%clk 00:42:13]} {[%emt 00:01:14]} 19. Bxe6+
{[%clk 00:40:02]} {[%emt 00:00:58]} Kxe6 {[%clk 00:42:41]} {[%emt 00:00:02]} 20.
Bxg7 {[%clk 00:40:15]} {[%emt 00:00:16]} Rhb8 {[%clk 00:37:35]} {[%emt
00:05:37]} 21. Bc3 {[%clk 00:36:29]} {[%emt 00:04:16]} Kf7 {[%clk 00:33:23]}
{[%emt 00:04:42]} 22. Nd4 {[%clk 00:33:20]} {[%emt 00:03:39]} a5 {[%clk
00:27:21]} {[%emt 00:06:32]} 23. Ke2 {[%clk 00:32:47]} {[%emt 00:01:02]} Ra6
{[%clk 00:23:58]} {[%emt 00:03:54]} 24. Rhd1 {[%clk 00:22:32]} {[%emt
00:10:45]} axb4 {[%clk 00:19:20]} {[%emt 00:05:08]} 25. axb4 {[%clk 00:22:43]}
{[%emt 00:00:19]} Rba8 {[%clk 00:19:47]} {[%emt 00:00:03]} 26. Rxa6 {[%clk
00:21:35]} {[%emt 00:01:39]} Rxa6 {[%clk 00:20:16]} {[%emt 00:00:01]} 27. Ra1
{[%clk 00:21:27]} {[%emt 00:00:37]} Rxa1 {[%clk 00:20:21]} {[%emt 00:00:26]} 28.
Bxa1 {[%clk 00:21:56]} Bf6 {[%clk 00:20:16]} {[%emt 00:00:34]} 29. Nb3 {[%clk
00:21:47]} {[%emt 00:00:39]} Bxa1 {[%clk 00:15:54]} {[%emt 00:04:52]} 30. Nxa1
{[%clk 00:21:11]} {[%emt 00:01:07]} b6 {[%clk 00:14:11]} {[%emt 00:02:12]} 31.
cxb6 {[%clk 00:18:22]} {[%emt 00:03:18]} Nxb6 {[%clk 00:14:40]} {[%emt
00:00:01]} 32. Nb3 {[%clk 00:17:16]} {[%emt 00:01:37]} Ke6 {[%clk 00:13:57]}
{[%emt 00:01:13]} 33. Kd3 {[%clk 00:17:15]} {[%emt 00:00:31]} Kd6 {[%clk
00:13:47]} {[%emt 00:00:40]} 34. Kd4 {[%clk 00:16:45]} {[%emt 00:01:00]} Nd7
{[%clk 00:12:43]} {[%emt 00:01:35]} 35. Nc5 {[%clk 00:15:36]} {[%emt 00:01:38]}
Nb6 {[%clk 00:08:52]} {[%emt 00:04:22]} 36. e4 {[%clk 00:14:55]} {[%emt
00:01:11]} dxe4 {[%clk 00:08:42]} {[%emt 00:00:40]} 37. Nxe4+ {[%clk 00:14:35]}
{[%emt 00:00:49]} Kc7 {[%clk 00:09:01]} {[%emt 00:00:12]} 38. Ke5 {[%clk
00:04:28]} {[%emt 00:10:37]} Nd7+ {[%clk 00:04:47]} {[%emt 00:04:44]} 39. Ke6
{[%clk 00:04:19]} {[%emt 00:00:38]} Nb8 {[%clk 00:05:09]} {[%emt 00:00:10]} 40.
Nc5 {[%clk 00:02:36]} {[%emt 00:02:13]} g5 {[%clk 00:02:54]} {[%emt 00:02:44]}
41. f3 {[%clk 00:00:35]} {[%emt 00:02:31]} 1-0